University Home | Library Home | Institutional Repository

The movie-goer/ (Record no. 96647)

MARC details
000 -LEADER
fixed length control field 00429cam3a220015700 4500
001 - CONTROL NUMBER
control field tmp15357645
003 - CONTROL NUMBER IDENTIFIER
control field UPRA
005 - DATE AND TIME OF LATEST TRANSACTION
control field 20190819092216.0
035 ## - SYSTEM CONTROL NUMBER
System control number (Sirsi) r85667
050 ## - LIBRARY OF CONGRESS CALL NUMBER
Classification number PS 3566.E9.M5 PER 1961
008 - FIXED-LENGTH DATA ELEMENTS--GENERAL INFORMATION
fixed length control field 950801s1966 enk eng u
100 1# - MAIN ENTRY--PERSONAL NAME
Personal name Percy, Walker
245 14 - TITLE STATEMENT
Title The movie-goer/
Statement of responsibility, etc. by Walker Percy
260 ## - PUBLICATION, DISTRIBUTION, ETC.
Place of publication, distribution, etc. [Harmondsworth, Middlesex :
Name of publisher, distributor, etc. Penguin,
Date of publication, distribution, etc. 1961
500 ## - GENERAL NOTE
General note First published in 1961.

No items available.

© 2026 - The University of Zambia Library - Koha v25.11